Statistics for Generation 5 Pokémon (Unova Region)

Click here to take the quiz!

General Stats

  • This quiz has been taken 177 times
  • The average score is 128 of 156

Answer Stats

NumberTypeAnswer% Correct
#0495GrassSnivy
97%
#0498FireTepig
97%
#0500Fire/FightingEmboar
96%
#0494Psychic/FireVictini
96%
#0502WaterDewott
95%
#0499Fire/FightingPignite
95%
#0503WaterSamurott
95%
#0501WaterOshawott
94%
#0519Normal/FlyingPidove
94%
#0497GrassSerperior
94%
#0516WaterSimipour
94%
#0512GrassSimisage
94%
#0514FireSimisear
94%
#0515WaterPanpour
92%
#0643Dragon/FireReshiram
92%
#0539FightingSawk
92%
#0644Dragon/ElectricZekrom
92%
#0511GrassPansage
91%
#0513FirePansear
91%
#0609Ghost/FireChandelure
90%
#0526RockGigalith
90%
#0607Ghost/FireLitwick
90%
#0538FightingThroh
90%
#0525RockBoldore
89%
#0507NormalHerdier
89%
#0551Ground/DarkSandile
89%
#0496GrassServine
89%
#0508NormalStoutland
89%
#0521Normal/FlyingUnfezant
89%
#0610DragonAxew
87%
#0612DragonHaxorus
87%
#0552Ground/DarkKrokorok
87%
#0553Ground/DarkKrookodile
87%
#0506NormalLillipup
87%
#0504NormalPatrat
87%
#0524RockRoggenrola
87%
#0559Dark/FightingScraggy
87%
#0529GroundDrilbur
86%
#0595Bug/ElectricJoltik
86%
#0542Bug/GrassLeavanny
86%
#0536Water/GroundPalpitoad
86%
#0520Normal/FlyingTranquill
86%
#0582IceVanillite
86%
#0584IceVanilluxe
86%
#0543Bug/PoisonVenipede
86%
#0505NormalWatchog
86%
#0638Steel/FightingCobalion
85%
#0633Dark/DragonDeino
85%
#0530Ground/SteelExcadrill
85%
#0647Water/FightingKeldeo
85%
#0599SteelKlink
85%
#0608Ghost/FireLampent
85%
#0545Bug/PoisonScolipede
85%
#0560Dark/FightingScrafty
85%
#0537Water/GroundSeismitoad
85%
#0540Bug/GrassSewaddle
85%
#0639Rock/FightingTerrakion
85%
#0532FightingTimburr
85%
#0535WaterTympole
85%
#0523ElectricZebstrika
85%
#0634Dark/DragonZweilous
85%
#0567Rock/FlyingArcheops
84%
#0614IceBeartic
84%
#0613IceCubchoo
84%
#0649Bug/SteelGenesect
84%
#0631FireHeatmor
84%
#0635Dark/DragonHydreigon
84%
#0593Water/GhostJellicent
84%
#0601SteelKlinklang
84%
#0646Dragon/IceKyurem
84%
#0645Ground/FlyingLandorus
84%
#0518PsychicMusharna
84%
#0581Water/FlyingSwanna
84%
#0641FlyingTornadus
84%
#0640Grass/FightingVirizion
84%
#0544Bug/PoisonWhirlipede
84%
#0566Rock/FlyingArchen
82%
#0522ElectricBlitzle
82%
#0534FightingConkeldurr
82%
#0558Bug/RockCrustle
82%
#0585Normal/GrassDeerling
82%
#0580Water/FlyingDucklett
82%
#0557Bug/RockDwebble
82%
#0611DragonFraxure
82%
#0592Water/GhostFrillish
82%
#0533FightingGurdurr
82%
#0600SteelKlang
82%
#0517PsychicMunna
82%
#0586Normal/GrassSawsbuck
82%
#0618Ground/ElectricStunfisk
82%
#0528Psychic/FlyingSwoobat
82%
#0642Electric/FlyingThundurus
82%
#0583IceVanillish
82%
#0546Grass/FairyCottonee
81%
#0621DragonDruddigon
81%
#0632Bug/SteelDurant
81%
#0587Electric/FlyingEmolga
81%
#0596Bug/ElectricGalvantula
81%
#0574PsychicGothita
81%
#0510DarkLiepard
81%
#0602ElectricTynamo
81%
#0547Grass/FairyWhimsicott
81%
#0527Psychic/FlyingWoobat
81%
#0578PsychicDuosion
80%
#0623Ground/GhostGolurk
80%
#0636Bug/FireLarvesta
80%
#0648Normal/PsychicMeloetta
80%
#0577PsychicSolosis
80%
#0637Bug/FireVolcarona
80%
#0629Dark/FlyingVullaby
80%
#0628Normal/FlyingBraviary
78%
#0555FireDarmanitan
78%
#0576PsychicGothitelle
78%
#0630Dark/FlyingMandibuzz
78%
#0541Bug/GrassSwadloon
78%
#0597Grass/SteelFerroseed
77%
#0598Grass/SteelFerrothorn
77%
#0622Ground/GhostGolett
77%
#0509DarkPurrloin
77%
#0627Normal/FlyingRufflet
77%
#0564Water/RockTirtouga
77%
#0554FireDarumaka
76%
#0604ElectricEelektross
76%
#0579PsychicReuniclus
76%
#0562GhostYamask
76%
#0570DarkZorua
76%
#0625Dark/SteelBisharp
75%
#0565Water/RockCarracosta
75%
#0603ElectricEelektrik
75%
#0575PsychicGothorita
75%
#0619FightingMienfoo
75%
#0624Dark/SteelPawniard
75%
#0561Psychic/FlyingSigilyph
75%
#0571DarkZoroark
75%
#0620FightingMienshao
73%
#0616BugShelmet
73%
#0568PoisonTrubbish
73%
#0531NormalAudino
72%
#0550WaterBasculin
72%
#0615IceCryogonal
72%
#0569PoisonGarbodor
72%
#0588BugKarrablast
72%
#0617BugAccelgor
71%
#0563GhostCofagrigus
71%
#0590Grass/PoisonFoongus
71%
#0549GrassLilligant
71%
#0548GrassPetilil
70%
#0589Bug/SteelEscavalier
68%
#0591Grass/PoisonAmoonguss
67%
#0556GrassMaractus
67%
#0573NormalCinccino
62%
#0572NormalMinccino
62%
#0594WaterAlomomola
61%
#0606PsychicBeheeyem
61%
#0605PsychicElgyem
61%
#0626NormalBouffalant
57%

Score Distribution

Percentile by Number Answered

Percent of People with Each Score

Your Score History

You have not taken this quiz